Κατάλογος Βιβλιοθηκών Mediterranean College

Ethnic Variables in Human Factors Engineering / Based on Papers Presented at a Symposium on ''National and Cultural Variables in Human Factors Engineering'', Held in Oosterbeek, The Netherlands, 19-23 June 1972, Under the Auspices of the Advisory Group on Human Factors / Based on Papers Presented at a Symposium on ''National and Cultural Variables in Human Factors Engineering'', Held in Oosterbeek, The Netherlands, 19-23 June 1972, Under the Auspices of the Advisory Group on Human Factors (Record no. 1768)

MARC details
000 -LEADER
fixed length control field 01805cam a22001934a 4500
005 - ΗΜΕΡΟΜΗΝΙΑ ΚΑΙ ΩΡΑ ΤΕΛΕΥΤΑΙΑΣ ΕΝΗΜΕΡΩΣΗΣ
Πεδίο ελέγχου 20250605164018.0
008 - FIXED-LENGTH DATA ELEMENTS--GENERAL INFORMATION
Πεδίο ελέγχου σταθερού μήκους 250528s ||||||||||||||||||||||||d
035 ## - SYSTEM CONTROL NUMBER
System control number 16250
020 ## - ISBN
ISBN 801816688
040 ## - ΠΗΓΗ ΚΑΤΑΛΟΓΟΓΡΑΦΗΣΗΣ
Φορέας πρωτότυπης καταλογογράφησης MC Athens Campus Library
Γλώσσα καταλογογράφησης Ελληνικά, Μοντέρνα (1453-)
Modifying agency MC Athens Campus Library
Κανόνες περιγραφικής καταλογογράφησης AACR2
245 1# - ΤΙΤΛΟΣ ΚΑΙ ΔΗΛΩΣΗ ΥΠΕΥΘΥΝΟΤΗΤΑΣ
Τίτλος Ethnic Variables in Human Factors Engineering / Based on Papers Presented at a Symposium on ''National and Cultural Variables in Human Factors Engineering'', Held in Oosterbeek, The Netherlands, 19-23 June 1972, Under the Auspices of the Advisory Group on Human Factors / Based on Papers Presented at a Symposium on ''National and Cultural Variables in Human Factors Engineering'', Held in Oosterbeek, The Netherlands, 19-23 June 1972, Under the Auspices of the Advisory Group on Human Factors
260 ## - PUBLICATION, DISTRIBUTION, ETC.
Name of publisher, distributor, etc. The John Hopkins University Press,
Date of publication, distribution, etc. 1975
300 ## - PHYSICAL DESCRIPTION
Extent 292
520 ## - SUMMARY, ETC.
Summary, etc. Preface, Introduction and Welcome, Cosmopolitanism: A New Era in the Evolution of Human Factors Engineering, Population Differences in Dimensions and Their Genetic Basis and Their Relevance to Practical Problems of Design, Anthropometric Measurements on Selected Populations of the World, International Anthropometric Variability and Its Effects on Aircraft Cockpit Design, Muscle Strength as a Criterion in Control Design for Diverse Populations, Ergonomic Problems in the Transition from Peasant to Industrial Life in South Africa, Overcoming the Language Barrier with Foreign Workers, Multinational Psychological Research in Telephony, Some Problems of Voice Communication for International Aviation, Human Factors in Town Planning and Housing Design, Experience with Selection Tests in Various Countries, Some Observations on the Teaching of Ergonomics, Index.
700 1# - ΠΡΟΣΘΕΤΗ ΑΝΑΓΡΑΦΗ--ΦΥΣΙΚΟ ΠΡΟΣΩΠΟ
Personal name Chapanis Alphonse
9 (RLIN) 2333
942 ## - ADDED ENTRY ELEMENTS (KOHA)
Koha item type Books
Holdings
Τύπος τεκμηρίου Βιβλιοθήκη Τρέχουσα τοποθεσία Barcode Αριθμός εισαγωγής Ημερομηνία απόκτησης Ταξιθετικό σύμβολο Αριθμός αντιτύπου Κατάσταση απόσυρσης Κατάσταση χαμένου Κατάσταση κατεστραμμένου Μη δανεισμός Σύνολο δανεισμών Ημερομηνία τελευταίας εμφάνισης Η τιμή ισχύει από
Books MC Athens Campus Library MC Athens Campus Library 9780000017673 3337 05/06/2025 620.8/2 CHA 1           05/06/2025 05/06/2025

MC Athens Campus Library
Πατησίων 94 & Κοδριγκτώνος 13, 104 34
Πελλήνης 8 & Πατησίων 107, 112 51
Τ: +30 210 8899600

MC Thessaloniki Campus Library
Ίωνος Δραγούμη 21, 54625 | Ίωνος Δραγούμη 15, 54625
Τ: +30 2310 287779 – Τ: +30 2314 440300